01027nam a2200277Ia 450000500170000000800410001702000150005810000220007324501610009525000190025630000510027565000380032665000390036465000370040365000430044070000390048370000380052294200150056026400250057533600270060033700330062733800280066004000350068808400110072399900150073420220317000720.0160601s2002 sp a g 000 0 spa  a968191032X1 aHolzwarth, Werner13aEl topo que quería saber quién se había hecho aquello en su cabeza cWerner Holzwarth ; ilustraciones de Wolf Erlbruch ; traducción de Miguel Azaola a1a. edición  a24 páginas bilustraciones en color c21 cm 142LEMBaCuentos infantiles alemanes142LEMBaLiteratura infantil alemana 142LEMBaAnimales en la literatura 142LEMB aHeces fecales en la literatura 1 aErlbruch, Wolfeilustrador 9236331 aAzaola, Migueletraductor 953262 2loccBKINF aMadrid bAlteac2002 atextobtxt2rdacontent asin mediaciónbn2rdamedia avolumenbnc2rdacarrier aCO-BoRNBPbspaerdacCO-BoRNBP aC HOL3 c4858d4858